| 000 | 00668nam a2200241 i 4500 | ||
|---|---|---|---|
| 001 | bg | ||
| 100 | 1 | _aREZLER, Jan. | |
| 245 | 1 | 0 |
_aJęzyk łaciński dla prawników / _cJan Rezler. |
| 250 | _a[Wyd. 10]. | ||
| 260 |
_aWarszawa : _bWydawnictwo Naukowe PWN, _c1998. |
||
| 300 |
_a284 s., [3] k. tabl. złoż. ; _c24 cm. |
||
| 504 | _aBibliogr. s. 221-222. - Indeksy. | ||
| 650 | 9 | _aJęzyk łaciński | |
| 650 | 9 |
_aPrawo _xsłownictwo |
|
| 655 | _aPodręczniki akademickie | ||
| 020 | _a830104974X | ||
| 040 | _cBPK | ||
| 041 | 0 | _aplla | |
| 080 | _a811.124(075.8):34 | ||
| 920 | _a83-01-04974-X | ||
| 942 | _cKS | ||
| 008 | s pl f |000 0 pol | ||
| 999 |
_c34558 _d34558 |
||
| 856 |
_uhttp://koha.tu.koszalin.pl/cgi-bin/koha/opac-detail.pl?biblionumber=34558 _yKatalog online BPK |
||